000 00232 a2200097 4500
001 17775
100 _aGovt of Pakistan
245 _aReport on Islamic Summit 1974 Pakistan
260 _a
_bGovt of Pakistan
_c
090 _c13141
_d13141
942 _aNUST-CAE
_cM
_c3494
999 _c252848
_d252848